<?xml version="1.0" encoding="UTF-8"?><?xml-stylesheet type="text/xsl" href="static/style.xsl"?><OAI-PMH xmlns="http://www.openarchives.org/OAI/2.0/" xmlns:xsi="http://www.w3.org/2001/XMLSchema-instance" xsi:schemaLocation="http://www.openarchives.org/OAI/2.0/ http://www.openarchives.org/OAI/2.0/OAI-PMH.xsd"><responseDate>2026-06-01T15:40:38Z</responseDate><request verb="GetRecord" identifier="oai:riuma.uma.es:10630/16109" metadataPrefix="marc">https://riuma.uma.es/rest/oai/request</request><GetRecord><record><header><identifier>oai:riuma.uma.es:10630/16109</identifier><datestamp>2026-02-03T11:48:31Z</datestamp><setSpec>com_10630_2254</setSpec><setSpec>col_10630_37959</setSpec></header><metadata><record xmlns="http://www.loc.gov/MARC21/slim" xmlns:dcterms="http://purl.org/dc/terms/" xmlns:doc="http://www.lyncode.com/xoai" xmlns:xsi="http://www.w3.org/2001/XMLSchema-instance" xsi:schemaLocation="http://www.loc.gov/MARC21/slim http://www.loc.gov/standards/marcxml/schema/MARC21slim.xsd">
   <leader>00925njm 22002777a 4500</leader>
   <datafield ind2=" " ind1=" " tag="042">
      <subfield code="a">dc</subfield>
   </datafield>
   <datafield ind2=" " ind1=" " tag="720">
      <subfield code="a">Gómez-Aguilar, Marisol</subfield>
      <subfield code="e">author</subfield>
   </datafield>
   <datafield ind2=" " ind1=" " tag="720">
      <subfield code="a">Paniagua-Rojano, Francisco Javier</subfield>
      <subfield code="e">author</subfield>
   </datafield>
   <datafield ind2=" " ind1=" " tag="720">
      <subfield code="a">Moral-Toranzo, Félix</subfield>
      <subfield code="e">author</subfield>
   </datafield>
   <datafield ind2=" " ind1=" " tag="260">
      <subfield code="c">2018-07-03</subfield>
   </datafield>
   <datafield ind2=" " ind1=" " tag="520">
      <subfield code="a">El ejercicio de la profesión periodística se ha asociado, tradicionalmente, con el empleo por cuenta ajena. La mayoría de los periodistas trabajan para empresas (medios de comunicación) cuyos gestores suelen ser ajenos a la profesión, prevaleciendo en ellos la visión empresarial antes que la periodística. Esto ha dado lugar a una visión negativa de la figura del empresario de los medios. En la actualidad, la compleja situación por la que atraviesa el sector, tanto económica como de audiencia, consumo e identidad hace necesario replantearse el futuro de los medios. Es en este panorama, donde se han visto mermadas las tradicionales salidas laborales y donde se hace más necesario que nunca la búsqueda de nuevas trayectorias profesionales. El autoempleo y la creación de empresas se ha convertido en una salida laboral recomendable en el ámbito del Periodismo. Diversos estudios han demostrado que la educación emprendedora está directa o indirectamente asociada a la intención de emprender, sugiriendo que los estudiantes que reciben formación específica sobre la creación de empresas acaban siendo más proclives a plantearse emprender un proyecto propio como salida laboral. Por ello, se hace necesario aumentar el conocimiento de los alumnos sobre el fenómeno del emprendimiento en su ámbito profesional, dotándolos de competencias para el diseño de un proyecto empresarial y fomentando la cultura emprendedora.&#xd;
En este sentido, el presente trabajo propone un análisis acerca del conocimiento que los estudiantes de periodismo tienen de la actividad y cultura emprendedora. Así como también se analizará su predisposición hacia el emprendimiento y la creación de nuevas empresas de comunicación. Para ello, el trabajo se basa en los resultados de la encuesta sobre cultura empresarial e intención de emprender realizada dentro del Proyecto de Innovación Educativa “Fomento del emprendimiento entre el alumnado de Periodismo a través de contenidos y actividades transversales”.</subfield>
   </datafield>
   <datafield ind1="8" ind2=" " tag="024">
      <subfield code="a">https://hdl.handle.net/10630/16109</subfield>
   </datafield>
   <datafield tag="653" ind2=" " ind1=" ">
      <subfield code="a">Periodismo</subfield>
   </datafield>
   <datafield ind2="0" ind1="0" tag="245">
      <subfield code="a">Formación en emprendimiento como base para el fomento de nuevas trayectorias profesionales en el ámbito del periodismo</subfield>
   </datafield>
</record>
</metadata></record></GetRecord></OAI-PMH>